Score 0/20 Timer 02:00
1 Play Today
Book Missing Word % Correct
_____ ExpectationsGreat
93.3%
East of _____Eden
86.1%
_____ KareninaAnna
81.2%
____ the Heart IsWhere
68.2%
As I Lay _____Dying
66.8%
Love in the Time of _____Cholera
62.7%
_____ of SolomonSong
59.1%
_____ OleanderWhite
53.2%
Say You're One of _____Them
50.5%
_____ of Sand and FogHouse
49.6%
Book Missing Word % Correct
The Good _____Earth
46.1%
The Poisonwood _____Bible
45.1%
The _____ of RuthBook
43.7%
The _____ of the EarthPillars
24.7%
_____ on EarthHere
21.2%
The ____ of a WomanHeart
20.6%
_____ on Your KneesFall
20%
The _____ of a ManMeasure
13.6%
A _____ EarthNew
10.9%
_____ of FortuneDaughter
6.9%

Today's Daily Dose

You're not logged in!

Compare scores with friends on all Sporcle quizzes.
OR
Log In

Sporcle TV

Today on Sporcle TV


Watch our educational content, quiz creation guides, and fun videos on Sporcle TV.

Show Comments

Extras

Top Quizzes Today


Score Distribution

Your Account Isn't Verified!

In order to create a playlist on Sporcle, you need to verify the email address you used during registration. Go to your Sporcle Settings to finish the process.

Report this User

Report this user for behavior that violates our Community Guidelines.

Details: